<?xml version="1.0" encoding="UTF-8"?>
<record
    xmlns:xsi="http://www.w3.org/2001/XMLSchema-instance"
    xsi:schemaLocation="http://www.loc.gov/MARC21/slim http://www.loc.gov/standards/marcxml/schema/MARC21slim.xsd"
    xmlns="http://www.loc.gov/MARC21/slim">

  <leader>00916nam a2200241 a 4500</leader>
  <controlfield tag="001">79102</controlfield>
  <controlfield tag="003">BD-RjUL</controlfield>
  <controlfield tag="005">20220102165018.0</controlfield>
  <controlfield tag="008">220102s1954    nyn           000 0 ara d</controlfield>
  <datafield tag="035" ind1=" " ind2=" ">
    <subfield code="a">(BD-RjUL)79102</subfield>
  </datafield>
  <datafield tag="040" ind1=" " ind2=" ">
    <subfield code="a">UkOxU</subfield>
    <subfield code="c">UkOxU</subfield>
    <subfield code="b">eng</subfield>
    <subfield code="d">BD-RjUL</subfield>
  </datafield>
  <datafield tag="041" ind1=" " ind2=" ">
    <subfield code="a">ara</subfield>
  </datafield>
  <datafield tag="082" ind1=" " ind2=" ">
    <subfield code="2">21</subfield>
    <subfield code="a">909.09767</subfield>
    <subfield code="b">CHB 1954</subfield>
  </datafield>
  <datafield tag="100" ind1="1" ind2=" ">
    <subfield code="a">&#x62A;&#x634;&#x627;&#x64A;&#x644;&#x62F;&#x632; &#x60C; &#x645;&#x627;&#x631;&#x643;&#x64A;&#x632; &#x648;.;; Childs, Marquis W.,</subfield>
    <subfield code="d">approximately 1301-1373.</subfield>
    <subfield code="9">243941</subfield>
  </datafield>
  <datafield tag="245" ind1="1" ind2="4">
    <subfield code="a"> &#x627;&#x644;&#x628;&#x62F;&#x627;&#x64A;&#x629; &#x648;&#x627;&#x644;&#x646;&#x647;&#x627;&#x64A;&#x629;   Al-Bid&#x101;yah wa-al-nih&#x101;yah /</subfield>
    <subfield code="c">Marquis W. Childs , Douglas Carter, ;; &#x645;&#x627;&#x631;&#x643;&#x64A;&#x632; &#x648;. &#x62A;&#x634;&#x627;&#x64A;&#x644;&#x62F;&#x632; &#x62F;&#x648;&#x63A;&#x644;&#x627;&#x633; &#x643;&#x627;&#x631;&#x62A;&#x631;</subfield>
  </datafield>
  <datafield tag="260" ind1=" " ind2=" ">
    <subfield code="a">NewYork :</subfield>
    <subfield code="b">Harper &amp; Brothers,</subfield>
    <subfield code="c">1954</subfield>
  </datafield>
  <datafield tag="300" ind1=" " ind2=" ">
    <subfield code="a">133 ;</subfield>
    <subfield code="c">22 cm.</subfield>
  </datafield>
  <datafield tag="650" ind1=" " ind2="0">
    <subfield code="a">World history</subfield>
    <subfield code="v">Early works to 1800.</subfield>
    <subfield code="9">243942</subfield>
  </datafield>
  <datafield tag="650" ind1=" " ind2="0">
    <subfield code="v">Islam</subfield>
  </datafield>
  <datafield tag="651" ind1=" " ind2="0">
    <subfield code="a">Islamic Empire</subfield>
    <subfield code="x">History</subfield>
    <subfield code="v">Early works to 1800.</subfield>
    <subfield code="9">243943</subfield>
  </datafield>
  <datafield tag="700" ind1=" " ind2=" ">
    <subfield code="a">Cater, Douglass ;; &#x643;&#x627;&#x62A;&#x631; &#x60C; &#x62F;&#x648;&#x63A;&#x644;&#x627;&#x633; </subfield>
    <subfield code="9">459</subfield>
  </datafield>
  <datafield tag="942" ind1=" " ind2=" ">
    <subfield code="2">ddc</subfield>
    <subfield code="c">BK</subfield>
  </datafield>
  <datafield tag="999" ind1=" " ind2=" ">
    <subfield code="c">79102</subfield>
    <subfield code="d">79102</subfield>
  </datafield>
  <datafield tag="952" ind1=" " ind2=" ">
    <subfield code="0">0</subfield>
    <subfield code="1">0</subfield>
    <subfield code="2">ddc</subfield>
    <subfield code="4">0</subfield>
    <subfield code="7">1</subfield>
    <subfield code="8">NFIC</subfield>
    <subfield code="a">RUCL</subfield>
    <subfield code="b">RUCL</subfield>
    <subfield code="c">Reading</subfield>
    <subfield code="d">2022-01-02</subfield>
    <subfield code="l">0</subfield>
    <subfield code="o">A 909.09767 CHB 1954</subfield>
    <subfield code="r">2022-01-02 00:00:00</subfield>
    <subfield code="t">C-1</subfield>
    <subfield code="w">2022-01-02</subfield>
    <subfield code="y">BK</subfield>
  </datafield>
</record>
